<?xml version="1.0" encoding="UTF-8"?>
<collection xmlns="http://www.loc.gov/MARC21/slim">
 <record>
  <leader>03718nab a2200241 i 4500</leader>
  <controlfield tag="001">acta67583</controlfield>
  <controlfield tag="005">20230222153509.0</controlfield>
  <controlfield tag="008">200507s2019    hu      o     0||   hun d</controlfield>
  <datafield tag="022" ind1=" " ind2=" ">
   <subfield code="a">1788-7593</subfield>
  </datafield>
  <datafield tag="040" ind1=" " ind2=" ">
   <subfield code="a">SZTE Egyetemi Kiadványok Repozitórium</subfield>
   <subfield code="b">hun</subfield>
  </datafield>
  <datafield tag="041" ind1=" " ind2=" ">
   <subfield code="a">hun</subfield>
  </datafield>
  <datafield tag="041" ind1=" " ind2=" ">
   <subfield code="a">eng</subfield>
  </datafield>
  <datafield tag="100" ind1="1" ind2=" ">
   <subfield code="a">Tárnok Balázs</subfield>
  </datafield>
  <datafield tag="245" ind1="1" ind2="3">
   <subfield code="a">Az ammónia kibocsátásának csökkentése és a nitrogénmenedzsment problémája napjainkban</subfield>
   <subfield code="h">[elektronikus dokumentum] /</subfield>
   <subfield code="c"> Tárnok Balázs</subfield>
  </datafield>
  <datafield tag="260" ind1=" " ind2=" ">
   <subfield code="a">Szegedi Tudományegyetem Mérnöki Kar</subfield>
   <subfield code="b">Szeged</subfield>
   <subfield code="c">2019</subfield>
  </datafield>
  <datafield tag="300" ind1=" " ind2=" ">
   <subfield code="a">177-182</subfield>
  </datafield>
  <datafield tag="490" ind1="0" ind2=" ">
   <subfield code="a">Jelenkori társadalmi és gazdasági folyamatok</subfield>
   <subfield code="v">14 No. 1</subfield>
  </datafield>
  <datafield tag="520" ind1="3" ind2=" ">
   <subfield code="a">Az ammónia (NH3) a nitrogéntartalmú szerves vegyületekből, elsősorban a karbamid és a fehérjék biológiai lebontásakor jön létre. A mezőgazdasági eredetű kibocsátások közvetlenül és közvetve az állati emésztőrendszerből, a trágya tárolásából és a talajból származhatnak. Az állattartó telepekből származó kibocsátásokra az állatfajok, a takarmány (N-kiválasztás hatása), az épület jellemzői (padló, szellőzés, hőmérséklet) és a trágya tárolása (külső hőmérséklet, a lefedettséghez használt anyag) hatással vannak. Az egyes légköri szennyező anyagok nemzeti kibocsátásainak csökkentéséről szóló 2284/2016-os, napjainkban is hatályos EU irányelv 2010-től kezdődően állapítja meg a kapcsolódó határértékeket. Ezen irányelv Magyarország tekintetében többek között (kéndioxid, nitrogén-oxid), előírja az ammónia kibocsátásának a csökkentését, amely az agrár-ágazat szempontjából a legjelentősebb. Az előírt határértékek a 2005-ös értékekhez viszonyítva 2020-ra 10%-os, míg 2030-ra 32%-os csökkentést jelentenek. Összegezve, az ammónia mitigációja (csökkentése) globális méretű, agrárágazati probléma. Kutatásommal egy átfogó képet kívánok alkotni a jelenleg hatályos kibocsátás-csökkentési szabályozásról nemzeti és nemzetközi szinten. A publikáció egy szakirodalmi áttekintést kíván adni az ammónia-emisszió csökkentésével foglakozó nemzetközi tudományos értekezésekről. Abstract: Ammonia (NH3) is derived from nitrogen-containing organic compounds, primarily from biological degradation of urea and proteins. Agricultural emissions can originate directly and indirectly from the animal's digestive tract, from the manure storage and from the soil. Emissions from livestock farms are affected by animal species, feed (N-effect), building characteristics (floor, ventilation, temperature) and manure storage (outside temperature, material used for coverage). The Directive on National Emission Ceilings, which is still in force today, sets the relevant limit values for emissions of certain air pollutants from 2010 onwards. This directive requires, among other things, Hungary (sulfur dioxide, nitrogen oxide) to reduce emissions of ammonia, which is the most significant for the agricultural sector. The required limits are 10% by 2020 and 32% by 2030 compared to 2005 values. In summary, reducing ammonia mitigation is a global problem. With my research, I intend to create a comprehensive picture of the current emission reduction regulations at national and international level. The publication is intended to provide an overview of international scientific discussions on ammonia emission reduction.</subfield>
  </datafield>
  <datafield tag="650" ind1=" " ind2="4">
   <subfield code="a">Műszaki és technológiai tudományok</subfield>
  </datafield>
  <datafield tag="650" ind1=" " ind2="4">
   <subfield code="a">Környezeti biotechnológia</subfield>
  </datafield>
  <datafield tag="695" ind1=" " ind2=" ">
   <subfield code="a">Ammónia, Levegőszennyeződés, Környezetvédelem-politika</subfield>
  </datafield>
  <datafield tag="700" ind1="0" ind2="1">
   <subfield code="a">Kujáni Katalin</subfield>
   <subfield code="e">aut</subfield>
  </datafield>
  <datafield tag="856" ind1="4" ind2="0">
   <subfield code="u">http://acta.bibl.u-szeged.hu/67583/1/jelenkori_014_001_177-182.pdf</subfield>
   <subfield code="z">Dokumentum-elérés </subfield>
  </datafield>
 </record>
</collection>
